000 00326nam a2200133 i 4500
001 bg
100 1 _aVARTANOV, N.A.
245 0 _aPrikladnaja scintilljacionnaja gamaspektrometrija /
_cN.A. Vartanov.
260 _aMoskva,
_c1969.
040 _cBPK
041 _apol
942 _cKS
008 s pl f |000 0 pol
999 _c8719
_d8719
856 _uhttp://koha.tu.koszalin.pl/cgi-bin/koha/opac-detail.pl?biblionumber=8719
_yKatalog online BPK